Statystyki dla Przeliteruj Stolicę Belize

Kliknij tutaj aby rozwiązać quiz!

Ogólne statystyki

  • Ten quiz został rozwiązany 74 razy
  • Średni wynik to 7 z 8

Statystyki odpowiedzi

% Poprawnych
B
100%
e
100%
l
100%
o
86%
m
84%
a
83%
p
83%
n
81%

Rozkład punktacji

Percentyl według liczby udzielonych odpowiedzi

Procent ludzi z każdym wynikiem

Twoja historia wyników

Nie rozwiązałeś tego quizu